Hi! Fly Guy [sound recording] / by Tedd Arnold ; narrated by Skip Hinnant ; music by Doug Katsaros ; directed by Cheryl Smith.
When Buzz captures a fly to enter in The Amazing Pet Show, his parents and the judges tell him that a fly cannot be a pet, but Fly Guy proves them wrong.
Record details
- ISBN: 054509139X (set)
- ISBN: 9780545091398 (set)
- ISBN: 0439853117 (pbk.)
- ISBN: 9780439853118 (pbk.)
- ISBN: 0545102383 (CD)
- ISBN: 9780545102384 (CD)
- Physical Description: 1 sound disc : digital, stereo. ; 4 3/4 in. + 1 book (30 pages) : color illustrations ; 23 cm.
- Publisher: New York : Scholastic Audio, c2006.
Content descriptions
| Formatted Contents Note: | Track 1. Story with page-turn signals (5:38) -- Track 2. Story without page-turn signals (5:38). |
Search for related items by subject
| Subject: | Flies > Juvenile fiction. Pet shows > Juvenile fiction. |
Search for related items by series
| LDR | 01510cim a2200373Ia 4500 | ||
|---|---|---|---|
| 001 | 118115 | ||
| 003 | CONS | ||
| 005 | 20140703073256.0 | ||
| 007 | sd fsngnnmmneu | ||
| 008 | 080827s2006 nyunnnnj f n eng d | ||
| 020 | . | ‡a054509139X (set) | |
| 020 | . | ‡a9780545091398 (set) | |
| 020 | . | ‡a0439853117 (pbk.) | |
| 020 | . | ‡a9780439853118 (pbk.) | |
| 020 | . | ‡a0545102383 (CD) | |
| 020 | . | ‡a9780545102384 (CD) | |
| 028 | 0 | 2. | ‡a0-545-10238-3 ‡bScholastic Audio |
| 035 | . | ‡a(CPomAG)LMN317421 | |
| 050 | 1 | 4. | ‡aPZ7.A7379 ‡bHi 2006 |
| 100 | 1 | . | ‡aArnold, Tedd. |
| 245 | 1 | 0. | ‡aHi! Fly Guy ‡h[sound recording] / ‡cby Tedd Arnold ; narrated by Skip Hinnant ; music by Doug Katsaros ; directed by Cheryl Smith. |
| 260 | . | ‡aNew York : ‡bScholastic Audio, ‡cc2006. | |
| 300 | . | ‡a1 sound disc : ‡bdigital, stereo. ; ‡c4 3/4 in. + ‡e1 book (30 pages) : color illustrations ; 23 cm. | |
| 440 | 0. | ‡aScholastic bookself | |
| 520 | . | ‡aWhen Buzz captures a fly to enter in The Amazing Pet Show, his parents and the judges tell him that a fly cannot be a pet, but Fly Guy proves them wrong. | |
| 505 | 0 | . | ‡aTrack 1. Story with page-turn signals (5:38) -- Track 2. Story without page-turn signals (5:38). |
| 650 | 0. | ‡aFlies ‡vJuvenile fiction. | |
| 650 | 0. | ‡aPet shows ‡vJuvenile fiction. | |
| 700 | 1 | . | ‡aHinnant, Skip. |
| 700 | 1 | . | ‡aKatsaros, Doug. |
| 700 | 1 | . | ‡aSmith, Cheryl. |
| 914 | . | ‡aSCP_ds | |
| 959 | . | ‡i32269000868524 ‡lE Arn ‡aJuvenile - Easy ‡tEasy ‡g19.00 | |
| 852 | . | ‡p32269000868524 ‡jE Arn ‡gJuvenile - Easy ‡cEasy ‡y19.00 ‡bSBPL | |
| 901 | . | ‡a118115 ‡bUnknown ‡c118115 ‡tbiblio | |